Rediscovery of Hemitrichia leiocarpa (Trichiales, Myxomycetes) in Brazil (Registro n. 338573)
[ somente texto ]
| 000 -LÍDER | |
|---|---|
| fixed length control field | 02903nab a2200253 i 4500 |
| 003 - CÓDIGO MARC DA AGÊNCIA CATALOGADORA | |
| Campo de controle | BR-BrBNA |
| 005 - DATA E HORA DA ÚLTIMA ATUALIZAÇÃO | |
| Campo de controle | 20251006162728.0 |
| 008 - CAMPO DE TAMANHO FIXO | |
| fixed length control field | 251006b2022 bl.ar|pooa||| 00| 0 eng | |
| 040 ## - FONTE DA CATALOGAÇÃO | |
| Agência catalogadora | BR-BrBNA |
| Idioma da catalogação | eng |
| 072 ## - CATEGORIA AGRIS | |
| Código AGRIS | F70 |
| 100 ## - ENTRADA PRINCIPAL - NOME PESSOAL | |
| Nome pessoal | Parentes, Jaíne Maria Silva |
| 100 ## - ENTRADA PRINCIPAL - NOME PESSOAL | |
| Nome pessoal | Cavalcanti, Laise de Holanda |
| 245 ## - TÍTULO PRINCIPAL | |
| Título principal | Rediscovery of Hemitrichia leiocarpa (Trichiales, Myxomycetes) in Brazil |
| 500 ## - NOTA GERAL | |
| Nota geral | Publicação on-line; Bibliography p. 9-11 (65 ref.); 2 tables; 3 illus.; Summaries (En, Pt) |
| 942 ## - ADDED ENTRY ELEMENTS (KOHA) | |
| Koha item type | Analítica |
| 520 ## - NOTA DE RESUMO | |
| Nota de conteúdo | <br/><br/>Abstract<br/><br/>Hemitrichia leiocarpa was collected in the state of Pernambuco, northeastern Brazil, in 1968, and five<br/>decades passed before its second collection in the country. The species was rediscovered in the Pedra<br/>Talhada Biological Reserve, municipality of Quebrangulo, state of Alagoas, 225 km from the first location.<br/>A description of specimens that sporulated in moist chamber culture prepared with ground litter and deposited<br/>in the Myxomycetes collection of the UFP Herbarium is provided. Detailed and updated information on the<br/>worldwide geographical distribution of the species is provided, as well as information on substrates and<br/>microhabitats based on bibliographic sources and herbarium catalogues. The species can be considered near<br/>threatened (NT) based on IUCN criteria and its inclusion in the Brazilian Red List of Threatened Species is<br/>recommended.<br/><br/>Key words: Atlantic Forest, chorology, endangered species, red list, Trichiaceae.<br/><br/><br/><br/><br/><br/>Resumo<br/><br/>Hemitrichia leiocarpa foi coletada no estado de Pernambuco, nordeste do Brasil, em 1968 e cinco décadas<br/>passaram até ser novamente coletada no país. A espécie foi redescoberta na Reserva Biológica de Pedra<br/>Talhada, município de Quebrangulo, estado de Alagoas, distante 225 km da primeira localidade. Apresenta-se<br/>a descrição dos espécimes, esporulados em câmaras úmidas montadas com folhedo de solo e depositados na<br/>coleção de Myxomycetes do Herbário UFP. São fornecidas informações detalhadas e atualizadas sobre sua<br/>distribuição geográfica mundial, juntamente com substratos e microhabitats, com base em fontes bibliográficas<br/>e catálogos de herbários. Esta espécie pode ser considerada como quase ameaçada (NT) com base nos critérios<br/>da IUCN e sua inclusão na Lista Vermelha do Brasil é recomendada.<br/><br/>Palavras-chave: Floresta Atlântica, corologia, espécies ameaçadas, lista vermelha, Trichiaceae. |
| 650 ## - ASSUNTO - THESAGRO | |
| Cabeçalho tópico ou nome geográfico | FLORESTA ATLÂNTICA |
| 650 ## - ASSUNTO - THESAGRO | |
| Cabeçalho tópico ou nome geográfico | ESPÉCIE EM EXTINÇÃO |
| 650 ## - ASSUNTO - THESAGRO | |
| Cabeçalho tópico ou nome geográfico | TAXONOMIA |
| 650 ## - ASSUNTO - THESAGRO | |
| Cabeçalho tópico ou nome geográfico | MIXOMICETO |
| 773 0# - ENTRADA ANALÍTICA | |
| Host Biblionumber | 709 |
| Registro do item | 357916 |
| Imprenta | Rio de Janeiro-RJ Jardim Botanico do Rio de Janeiro 1935 |
| Outro identificador | 2025-5881 |
| Título | Rodriguésia (Brazil) |
| ISSN | 0370-6583; 2175-7860 on-line |
| Colação | v. 73 p. 1-11; (2022) |
| Número de controle de registro | BR2025002663 |
| 856 ## - ACESSO E ENDEREÇO ELETRÔNICO | |
| Identificador uniforme de recurso - URI | https://www.scielo.br/j/rod/a/spNLFhvKXMddr34S9nVgySH/?format=pdf&lang=en |
Nenhum exemplar disponível.

BINAGRI